|
|
|
|
| LEADER |
01752nam a2200445 i 4500 |
| 001 |
001928009 |
| 003 |
CZ BrMZK |
| 005 |
20250623111448.0 |
| 007 |
ta |
| 008 |
250310s1966 hu a a 000 j epo |
| 020 |
|
|
|q (Vázáno)
|
| 040 |
|
|
|a BOA001
|b cze
|e rda
|
| 041 |
1 |
|
|a epo
|h hun
|
| 072 |
|
7 |
|a 821.51
|x Uraloaltajské literatury
|2 Konspekt
|9 25
|
| 072 |
|
7 |
|a 821-93
|x Literatura pro děti a mládež (beletrie)
|2 Konspekt
|9 26
|
| 080 |
|
|
|a 821.511.141-32
|2 MRF
|
| 080 |
|
|
|a 821-93
|2 MRF
|
| 080 |
|
|
|a (0:82-32)
|2 MRF
|
| 080 |
|
|
|a (084.11)
|2 MRF
|
| 100 |
1 |
|
|a Janikovszky, Éva,
|d 1926-2003
|7 jx20031124056
|4 aut
|
| 245 |
1 |
0 |
|a Ĉu ankaŭ vi scias? /
|c verkis Éva Janikovszky ; ilustris László Réber ; tradukis Sándor Szathmári
|
| 264 |
|
1 |
|a Budapest :
|b Corvina,
|c 1966
|
| 300 |
|
|
|a 40 nečíslovaných stran :
|b barevné ilustrace ;
|c 23 cm
|
| 336 |
|
|
|a text
|b txt
|2 rdacontent
|
| 337 |
|
|
|a bez média
|b n
|2 rdamedia
|
| 338 |
|
|
|a svazek
|b nc
|2 rdacarrier
|
| 500 |
|
|
|a Přeloženo z maďarštiny
|
| 655 |
|
7 |
|a maďarské příběhy
|7 fd183467
|2 czenas
|
| 655 |
|
7 |
|a obrazové publikace
|7 fd132947
|2 czenas
|
| 655 |
|
7 |
|a publikace pro děti
|7 fd133156
|2 czenas
|
| 655 |
|
9 |
|a Hungarian stories
|2 eczenas
|
| 655 |
|
9 |
|a pictorial works
|2 eczenas
|
| 655 |
|
9 |
|a children's literature
|2 eczenas
|
| 700 |
1 |
|
|a Réber, László,
|d 1920-2001
|7 jx20050711016
|4 ill
|
| 700 |
1 |
|
|a Szathmári, Sándor,
|d 1897-1974
|7 xx0082258
|4 trl
|
| 910 |
|
|
|a BOA001
|b ESP2-1540.280
|b PK-0046.240
|
| 990 |
|
|
|a BK
|
| 991 |
|
|
|b 202506
|
| 996 |
7 |
|
|b 2610997670
|c ESP2-1540.280
|l Stud. periodik/2.patro
|r DEP / do 15 dnů
|n 0
|p dar
|h H309/1
|w 001997898
|u 000010
|a 240
|e BOA001
|j MZK50
|s A
|
| 996 |
6 |
|
|b BC-2583017
|c PK-0046.240
|l MZK
|r Sklad / do 1 hodiny
|n 0
|w 001997898
|u 000020
|a 1
|e BOA001
|j MZK50
|s P
|